| 000 -LEADER |
| fixed length control field |
00826cam a2200217Ia 4500 |
| 020 ## - INTERNATIONAL STANDARD BOOK NUMBER |
| ISBN |
0898158389 |
| 020 ## - INTERNATIONAL STANDARD BOOK NUMBER |
| ISBN |
9780898158380 |
| 040 ## - CATALOGING SOURCE |
| Transcribing agency |
DLC |
| 082 00 - DEWEY DECIMAL CLASSIFICATION NUMBER |
| Classification number |
641 TEN 1996 C153 Or. |
| 100 1# - MAIN ENTRY--AUTHOR NAME |
| Personal name |
Trotter, Charlie |
| 245 10 - TITLE STATEMENT |
| Title |
Charlie Trotter's vegetables / |
| 246 30 - VARYING FORM OF TITLE |
| Title proper/short title |
Vegetables |
| 260 ## - PUBLICATION, DISTRIBUTION, ETC. (IMPRINT) |
| Place of publication |
Berkeley, Calif. : |
| Name of publisher |
Ten Speed Press, |
| Year of publication |
c1996 |
| 300 ## - PHYSICAL DESCRIPTION |
| Number of Pages |
239 p. : |
| Other physical details |
ill. (some col.) ; |
| Dimensions |
30 cm |
| 500 ## - GENERAL NOTE |
| General note |
Includes index |
| 520 ## - SUMMARY, ETC. |
| Summary, etc |
Chef Charlie Trotter presents more than eighty recipes for vegetable dishes, including soups, main dishes, side dishes, and desserts, arranged by the months of the year |
| 650 #0 - SUBJECT ADDED ENTRY--TOPICAL TERM |
| Topical Term |
Cooking (Vegetables) |
| 856 42 - ELECTRONIC LOCATION AND ACCESS |
| Uniform Resource Identifier |
http://catdir.loc.gov/catdir/enhancements/fy0909/96003946-b.html |
| 856 42 - ELECTRONIC LOCATION AND ACCESS |
| Uniform Resource Identifier |
http://catdir.loc.gov/catdir/enhancements/fy0909/96003946-d.html |
| 942 ## - ADDED ENTRY ELEMENTS (KOHA) |
| Koha item type |
ADB |
| 952 ## - LOCATION AND ITEM INFORMATION (KOHA) |
| Withdrawn status [LOCAL, KOHA] |
0 |
| 952 ## - LOCATION AND ITEM INFORMATION (KOHA) |
| Withdrawn status [LOCAL, KOHA] |
0 |